EPR a UV-vis-NIR spektroelektrochemické štúdie oxidačno-redukčných vlastností koordinačných zlúčenín

Saved in:
Bibliographic Details
Main Author: Machata, Peter
Format: Book
Language:Slovak
Published: Bratislava STU FCHPT 2011
Online Access:View in OPAC
Tags: Add Tag
No Tags, Be the first to tag this record!

MARC

LEADER 00000nam a2200000 a 4500
005 20260127134056.0
008 110624 2011 xo 000 0 slo d
035 |a vtls010288447 
039 9 |y 201106241200  |z mschk03 
040 |a STUSCHK1  |b slo  |c STUSCHK1  |e AACR2 
100 1 |a Machata, Peter 
245 1 |a EPR a UV-vis-NIR spektroelektrochemické štúdie oxidačno-redukčných vlastností koordinačných zlúčenín  |c Peter Machata 
260 |a Bratislava  |b STU FCHPT  |c 2011 
300 |a 81 s.  |b il.  |c 30cm 
500 |a Obháj.: 6.6. 2011 
500 |a Študijný program: technická chémia 
500 |a Kombinácia študijných odborov: 4.1.14 chémia, 5.2.18 chemické technológie 
500 |a Miesto vypracovania: Oddelenie fyzikálnej chémie, FCHPT STU 
500 |a Evidenčné číslo: FCHPT-5459-40270 
910 |a SCHK95 
999 |c 3490  |d 3490